Catálogo público

Normal view MARC view

Entry Nombre de reunión

Number of records used in: 1

001 - NÚMERO DE CONTROL

  • campo de control: 136837

003 - IDENTIFICADOR DEL NÚMERO DE CONTROL

  • campo de control: OSt

005 - FECHA Y HORA DE LA ÚLTIMA TRANSACCIÓN

  • campo de control: 20220127112632.0

008 - DATOS DE LONGITUD FIJA

  • campo de control de longitud fija: 190911 a|ac|n|aab||||||||||||a |n|||||||

040 ## - FUENTE DE LA CATALOGACIÓN

  • Centro catalogador/agencia de origen: OSt
  • Centro/agencia transcriptor: OSt

111 10 - ENCABEZAMIENTO--NOMBRE DE CONGRESO/REUNIÓN

  • Nombre de congreso/reunión o jurisdicción como elemento de entrada: Foro de consulta sobre ingeniería genética de organismos genéticamente modificables
  • Fecha del congreso/reunión: (2010 :
  • Sede del congreso/Lugar de la reunión: Ciudad de México)